000 00931nam a22002657a 4500
999 _c9052
_d9052
003 AR-CdUCM
008 190327b ||||| |||| 00| 0 por d
020 _a9788569976004
040 _aMUNICIPALIDAD PROVINCIAL DEL CUSCO
_cBIBLIOTECA MUNICIPAL DEL CUSCO
082 _a709.81 /
_bT94
100 _aTupynambá, Yara
_925016
245 _aA hisotória de Minas através dos murais de Yara Tupynambá /
260 _aBelo Horizonte :
_bProdigital,
_c2015.
300 _a164 páginas ;
_bfotografías ;
_c30 cm.
505 _aContenido: Fotografías de murales de Yara Tupynambá.
650 _aMurales - Arte
_925017
650 _aMurales - Historia
_925018
650 _aYara Tupynambá - Murales
_925019
650 _aPintura brasilera
_925020
650 _aPintura y decoración mural
_925021
650 _aMinas Gerais
_925022
650 _aArte moderno - Minas Gerais
_925023
942 _2ddc
_cLIBROS
945 _alccs